000 00899nam0a22002291i 4500
001 rc\1055841
005 20240723211245.0
035 _a(NLR Aleph) 006216857
090 _a6427325
_c6427325
100 _a20041129d1980 u |0rusy50 ca
101 0 _arus
102 _aRU
105 _ay |||||||||
200 1 _aПлановое регулирование развития государственного сектора экономики Ирака
_e(На прим. пром-сти)
_eАвтореф. дис. на соиск. учен. степ. канд. экон. наук
_e(08.00.05)
210 _aМ.
_d1980
215 _a25 с.
300 _aВ надзаг.: Моск. ин-т нар. хоз-ва им. Г.В. Плеханова
700 1 _aаль-Афеир
_bС.Х.
_gСаджи Хани
801 0 _aRU
_bNLR
_gpsbo
801 1 _aRU
_bELAR
_2rusmarc
852 _aNLR
_j81-4/18487
942 _cBOOK